| 000 | 01041nam a22003257a 4500 | ||
|---|---|---|---|
| 003 | CHAP | ||
| 005 | 20220329140855.0 | ||
| 008 | 971013s1995 r 00010 d | ||
| 010 | _a59056 | ||
| 011 | _a60028 | ||
| 035 | _a64188 | ||
| 040 | _cCHAP | ||
| 090 | _aFolleto 14620 | ||
| 100 | 0 | 0 |
_aMehan, V. K. _974188 |
| 245 | _aStem and pod rots of groundnut | ||
| 260 |
_aPatancheru : _bInternational Crops Research Institute for the Semi-Arid Tropics, _c1995 |
||
| 300 |
_a23 p. _b: ilus. |
||
| 490 |
_aICRISAT. Information bulletin _v; 44 |
||
| 590 |
_aBATCH-UPD _b10 _c20130110 _lUCH01 _h0534 |
||
| 590 |
_aBATCH-UPD _b10 _c20130110 _lUCH01 _h2218 |
||
| 590 |
_aCONVERSION _b10 _c20130109 _lUCH01 _h1332 |
||
| 650 | 1 | 4 |
_aCacahuate _xEnfermedades por hongos. _916868 |
| 650 | 1 | 4 |
_aSclerotium rolfsii. _9103344 |
| 700 | 0 |
_aBrenneman, T. B. _915231 |
|
| 700 | 0 |
_aMayee, C. D. _973225 |
|
| 830 | 0 |
_aICRISAT. Information bulletin _v; 44 _957273 |
|
| 901 | _aBK | ||
| 942 | _cFOLL | ||
| 949 |
_aFolleto 14620 _bBC _cFOLL _d-139894 _eTS1 _i64188 _si |
||
| 999 |
_c59056 _d59056 |
||